000 00443nam a22001697a 4500
003 CEME
005 20210628205103.0
008 210224b xxu||||| |||| 00| 0 eng d
020 _a0-7923-9799-1
040 _c.
082 _a621.395 HAN'U
100 _aHonna, James P Hillman, R. G
_973813
245 _aUsing waves and vhdl for effective design and testing
260 _aBOSTON
_bKLUWER
_c1997
300 _aXVI, 304P
942 _cBK
_2ddc
999 _c579456
_d579456